Kamu ve özel kuruluşlarla orta öğretimde, üniversitelerde el sanatlarına yaklaşım ve sorunları sempozyumu bildirileri, 18/20 Kasım 1992, İzmir. (Record no. 15236)
| 000 -BAŞLIK | |
|---|---|
| Sabit Uzunluktaki Kontrol Alanı | 01657nam a22003977a 4500 |
| 001 - KONTROL NUMARASI | |
| Control Dosyası | 0015273 |
| 003 - KONTROL NUMARASI KİMLİĞİ | |
| Kontrol Alanı | KOHA_MİRAKIL |
| 005 - EN SON İŞLEM TARİHİ ve ZAMANI | |
| Kontrol Alanı | 20260207002023.0 |
| 007 - FİZİKSEL TANIM SABİT ALAN - GENEL BİLGİ | |
| Sabit uzunluklu kontrol alanı | ta |
| 008 - SABİT UZUNLUKTAKİ VERİ ÖGELERİ - GENEL BİLGİ | |
| Sabit Alan | 141216b1994 tu |||grt|||#0|||0|tur | |
| 020 ## - ISBN - ULUSLARARASI STANDART KİTAP NUMARASI | |
| Isbn | 9751711932 |
| Kullanılabilirlik koşulları | 0,01 |
| 040 ## - KATALOGLAMA KAYNAĞI | |
| Özgün Kataloglama Kurumu | TR-BiSEU |
| Kataloglama Dili | tur |
| Çeviri Kurumu | TR-BiSEU |
| Açıklama Kuralları | rda |
| 041 0# - DİL KODU | |
| Metin ya da ses kaydının dil kodu | tur |
| 044 ## - YAYINLAYAN/ÜRETEN KURULUŞUN ÜLKE KODU | |
| ISO country code | tu |
| 050 ## - SINIFLAMA ve YER NUMARASI | |
| Sınıflama Numarası | NK1011 |
| Yer Numarası | .K36 1994 |
| 111 2# - TOPLANTI ADI | |
| Toplantı Adı | Kamu ve Özel Kuruluşlarla Orta Öğretimde, Üniversitelerde El Sanatlarına Yaklaşım ve Sorunları Sempozyumu (1992 : İzmir) |
| 9 (RLIN) | 35436 |
| 245 1# - ESER ADI BİLDİRİMİ | |
| Başlık | Kamu ve özel kuruluşlarla orta öğretimde, üniversitelerde el sanatlarına yaklaşım ve sorunları sempozyumu bildirileri, 18/20 Kasım 1992, İzmir. |
| 264 #1 - ÜRERİM, YAYIN, DAĞITIM ve TELİF BİLDİRİMİ | |
| Yayın yeri | Ankara : |
| Yayınlayan | Kültür Bakanlığı Halk Kütüphanelerini Araştırma ve Geliştirme Genel Müdürlüğü |
| Yayın tarihi | 1994 |
| 300 ## - FİZİKSEL TANIMLAMA | |
| Sayfa, Cilt vb. | xiv, 460 sayfa: resimli,tablo; 24 cm. |
| 336 ## - İÇERİK TÜRÜ | |
| Content type term | metin |
| Content type code | txt |
| Source | rdacontent |
| 337 ## - MEDYA TÜRÜ | |
| Media type term | aracısız |
| Media type code | n |
| Source | rdamedia |
| 338 ## - TAŞIYICI TÜRÜ | |
| Carrier type term | cilt |
| Carrier type code | nc |
| Source | rdacarrier |
| 490 1# - DİZİ BİLDİRİMİ | |
| Dizi Bildirimi | Kültür Bakanlığı. |
| 490 1# - DİZİ BİLDİRİMİ | |
| Dizi Bildirimi | Halk Kültürlerini Araştırma ve Geliştirme Genel Müdürlüğü yayınları ; |
| Cilt Numarası | 201. |
| 490 1# - DİZİ BİLDİRİMİ | |
| Dizi Bildirimi | Maddi Kültür dizisi ; |
| Cilt Numarası | 11. |
| 500 ## - GENEL NOT | |
| Genel Not | Kaynakça var. |
| 650 #0 - KONU BAŞLIĞI EK GİRİŞ - KONU TERİMİ | |
| Konusal terim veya coğrafi ad | Handicraft--Congresses. |
| 9 (RLIN) | 35437 |
| 650 #0 - KONU BAŞLIĞI EK GİRİŞ - KONU TERİMİ | |
| Konusal terim veya coğrafi ad | Art craft movement--Congresses. |
| 9 (RLIN) | 35438 |
| 650 #0 - KONU BAŞLIĞI EK GİRİŞ - KONU TERİMİ | |
| Konusal terim veya coğrafi ad | El sanatları--Kongreler. |
| 9 (RLIN) | 35439 |
| 650 #0 - KONU BAŞLIĞI EK GİRİŞ - KONU TERİMİ | |
| Konusal terim veya coğrafi ad | Sanat ve zanaat hareketi--Kongreler. |
| 9 (RLIN) | 35440 |
| 830 1# - SERİ EK GİRİŞİ - TEKBİÇİM ESER ADI | |
| Tekbiçim Başlık | Kültür Bakanlığı. |
| 9 (RLIN) | 16598 |
| 830 1# - SERİ EK GİRİŞİ - TEKBİÇİM ESER ADI | |
| Tekbiçim Başlık | Halk Kültürlerini Araştırma ve Geliştirme Genel Müdürlüğü yayınları ; |
| Volume number/sequential designation | 201. |
| 9 (RLIN) | 15951 |
| 830 1# - SERİ EK GİRİŞİ - TEKBİÇİM ESER ADI | |
| Tekbiçim Başlık | Maddi Kültür dizisi ; |
| Volume number/sequential designation | 11. |
| 9 (RLIN) | 15952 |
| 907 ## - LOCAL DATA ELEMENT G, LDG (RLIN) | |
| a | Bildiri |
| 942 ## - EK GİRİŞ ÖGELERİ (KOHA) | |
| Source of classification or shelving scheme | Library of Congress Classification |
| Koha item type | Book |
| Materyal Türü | Kalıcı Konum | Mevcut Konum | Raf Yeri | Sınıflandırma Kaynağı | Edinim Bilgisi | Ana Konular | Alt Konular | Yer Numarası | Demirbaş Numarası | Fatura Tarihi | Geri Çekilme Durumu | Kayıp Durumu | Hasarlı Durumu | Kredi için değil | Kayıt Tarih | Toplam Ödünçverme | Son Görülme Tarihi | Son Kontrol Tarihi | Genel / Bağış Notu |
|---|---|---|---|---|---|---|---|---|---|---|---|---|---|---|---|---|---|---|---|
| Book | Prof. Dr. Azmi Özcan Kütüphanesi | Prof. Dr. Azmi Özcan Kütüphanesi | Uluğbey Salonu | Library of Congress Classification | Bağış | GÜZEL SANATLAR | Dekoratif Sanatlar | NK1011 .K36 1994 | 0015273 | 13/08/2010 | 16/03/2010 | 05/12/2024 | 05/12/2024 | Genel Bağış | |||||
| Book | Prof. Dr. Azmi Özcan Kütüphanesi | Prof. Dr. Azmi Özcan Kütüphanesi | Uluğbey Salonu | Library of Congress Classification | Bağış | GÜZEL SANATLAR | Dekoratif Sanatlar | NK1011 .K36 1994 | 0047051 | 02/02/2026 | 16/12/2014 | 05/12/2024 | 05/12/2024 | Genel Bağış |
